[Event "Wch U18"]
[Site "Porto Carras"]
[Date "2018.10.20"]
[Round "1"]
[White "Mitrabha, Guha"]
[Black "Gonzalez Carrillo, Javier Omar"]
[Result "1-0"]
[WhiteElo "2352"]
[BlackElo "2031"]
[PlyCount "137"]
[EventDate "2018.10.20"]
[EventType "swiss"]
[EventRounds "11"]
[EventCountry "GRE"]
[SourceTitle "CBM 187 Extra"]
[Source "ChessBase"]
[SourceDate "2018.11.04"]
[SourceVersion "1"]
[SourceVersionDate "2018.11.04"]
[SourceQuality "1"]

1. d4 d5 2. c4 e6 3. Nc3 Nf6 4. cxd5 exd5 5. Bg5 Be7 6. e3 Nbd7 7. Bd3 c6 8. Qc2 Nf8 9. Nf3 Ne6 10. Bh4 g6 11. 0-0 0-0 12. Rab1 Ng7 13. b4 a6 14. a4 Bf5 15. b5 axb5 16. axb5 Bxd3 17. Qxd3 Ra3 18. bxc6 bxc6 19. Qc2 Qa5 20. Rfc1 Nf5 21. Bxf6 Bxf6 22. Rb3 Rxb3 23. Qxb3 Nd6 24. Qa4 Qxa4 25. Nxa4 Nc4 26. Nc5 Ra8 27. Nd3 Kf8 28. g4 Ke7 29. Rb1 Ra7 30. Rb8 Kd6 31. Nc5 Kc7 32. Re8 Kb6 33. Kg2 Be7 34. Nd3 f6 35. Rb8+ Rb7 36. Rh8 Bd6 37. h4 Ka7 38. g5 f5 39. h5 gxh5 40. Nfe5 Kb6 41. Kg3 Rg7 42. Kh4 Be7 43. f4 Nxe3 44. Kxh5 Bd6 45. Kh6 Rc7 46. Rxh7 Nc2 47. Rxc7 Kxc7 48. g6 Bf8+ 49. Kh7 Nxd4 50. Kg8 Ne6 51. Kf7 Kd6 52. Nf3 Bg7 53. Nh4 Kd7 54. Nxf5 Ba1 55. Ne3 Nd8+ 56. Kf8 Ne6+ 57. Kg8 Ke7 58. f5 Ng5 59. Ng4 Bf6 60. g7 Bxg7 61. Kxg7 Ne4 62. Ngf2 Nf6 63. Nf4 Ne8+ 64. Kg6 d4 65. Ne4 Kf8 66. Ne6+ Ke7 67. Nxd4 c5 68. Nc6+ Kf8 69. Ng5 1-0

[Event "Villa Santiago op"]
[Site "Santiago de Cuba"]
[Date "2018.08.10"]
[Round "3"]
[White "Rodriguez Ruiz, Jose Manuel"]
[Black "Gonzalez Carrillo, Javier Omar"]
[Result "0-1"]
[WhiteElo "1884"]
[BlackElo "1939"]
[PlyCount "52"]
[EventDate "2018.08.08"]
[EventType "swiss"]
[EventRounds "7"]
[EventCountry "CUB"]
[SourceTitle "EXT 2021"]
[Source "ChessBase"]
[SourceDate "2020.10.23"]
[SourceVersion "1"]
[SourceVersionDate "2020.10.23"]
[SourceQuality "1"]

1. e4 c5 2. Nf3 Nc6 3. d4 cxd4 4. Nxd4 Nf6 5. Nc3 e5 6. Ndb5 d6 7. Bg5 a6 8. Bxf6 gxf6 9. Na3 b5 10. Nd5 Bg7 11. c3 0-0 12. Bd3 Ne7 13. Ne3 f5 14. exf5 d5 15. g4 e4 16. Be2 b4 17. Nb1 Bb7 18. 0-0 Rc8 19. Qb3 Qd6 20. Rd1 Be5 21. h3 Qh6 22. Bf1 Qf4 23. Bg2 Qh2+ 24. Kf1 a5 25. cxb4 d4 26. Nc4 e3 0-1

[Event "Villa Santiago op"]
[Site "Santiago de Cuba"]
[Date "2018.08.08"]
[Round "1"]
[White "Lavigne Lopez, Raul Leonardo"]
[Black "Gonzalez Carrillo, Javier Omar"]
[Result "1/2-1/2"]
[WhiteElo "2112"]
[BlackElo "1939"]
[PlyCount "50"]
[EventDate "2018.08.08"]
[EventType "swiss"]
[EventRounds "7"]
[EventCountry "CUB"]
[SourceTitle "EXT 2021"]
[Source "ChessBase"]
[SourceDate "2020.10.23"]
[SourceVersion "1"]
[SourceVersionDate "2020.10.23"]
[SourceQuality "1"]

1. d4 d5 2. c4 e6 3. Nc3 Nf6 4. Bg5 Be7 5. e3 h6 6. Bh4 Nbd7 7. Nf3 0-0 8. Rc1 c5 9. Bd3 b6 10. 0-0 Bb7 11. Qe2 a6 12. cxd5 exd5 13. dxc5 Nxc5 14. Bb1 Nfe4 15. Bxe7 Qxe7 16. Rfd1 Rfd8 17. Nd4 Qe5 18. f3 Nxc3 19. Rxc3 g6 20. b4 Na4 21. Rb3 Rac8 22. Qd2 b5 23. f4 Qf6 24. Rf1 Nb6 25. Nf3 Re8 1/2-1/2

[Event "Wch U14"]
[Site "Durban"]
[Date "2014.09.21"]
[Round "3"]
[White "Gonzalez Carrillo, Javier Omar"]
[Black "Shakhov, Mykhail"]
[Result "0-1"]
[WhiteElo "1723"]
[BlackElo "2028"]
[PlyCount "37"]
[EventDate "2014.09.20"]
[EventType "swiss"]
[EventRounds "11"]
[EventCountry "RSA"]
[SourceTitle "CBM 162 Extra"]
[Source "ChessBase"]
[SourceDate "2014.10.17"]
[SourceVersion "1"]
[SourceVersionDate "2014.10.17"]
[SourceQuality "1"]

1. e4 c5 2. Nf3 e6 3. c4 Nc6 4. Nc3 a6 5. d4 cxd4 6. Nxd4 Qc7 7. Be2 Nf6 8. Be3 Bb4 9. a3 Bd6 10. g3 Be7 11. Nxc6 dxc6 12. 0-0 e5 13. Qc2 0-0 14. c5 Bh3 15. Rfd1 Rfd8 16. Bc4 h6 17. Na4 Nh7 18. Nb6 Rab8 19. f4 0-1